000 00758nam a2200229Ia 4500
999 _c41221
_d41221
001 7873
003 GE_BSU
005 20221116105732.0
008 181216s2007ge xx |||||||||||||| ||ger||
020 _a9783468477317 x
040 _cGE_BSU
041 _ager
080 _a821.112.4 K-51
100 _aKlara & Theo
_914864
245 _aDetektiv wider willen :
_bFür Jugendliche in dre stufen /
_cTheo & Klara
264 _aMünchen :
_bLangenscheidt,
_c2007.
300 _a40 p.:
_bIll.
_c17cm.
_e+mini CD
653 _aDetektiv wider willen
653 _aდეტექტივი მისი ნების საწინააღმდეგოდ
653 _aგერამანული ლიტერატურა
942 _cBK
_2udc